| Tag |
First Indicator |
Second Indicator |
Subfields |
| LEADER |
00000cam a2200000 4500 |
| 001 |
in00000048678 |
| 005 |
20151007073607.0 |
| 008 |
780208s1917 nju 00010 eng |
| 010 |
|
|
|a 17028662
|
| 035 |
|
|
|a (OCoLC)03619131
|
| 035 |
|
|
|9 AAE9999AM
|
| 040 |
|
|
|a DLC
|c ZXC
|d TXA
|d UtOrBLW
|
| 049 |
|
|
|a TXAM
|c [10860]
|
| 050 |
|
0 |
|a HD9246
|b .C8
|
| 092 |
|
|
|a 630.6273
|b C969c
|
| 100 |
1 |
|
|a Cumberland, William Wilson,
|d 1890-
|
| 245 |
1 |
0 |
|a Cooperative marketing :
|b its advantages as exemplified in the California Fruit Growers Exchange /
|c by W. W. Cumberland.
|
| 264 |
|
1 |
|a Princeton, N.J. :
|b Princeton University Press,
|c 1917.
|
| 300 |
|
|
|a viii, 226 pages ;
|c 22 cm.
|
| 336 |
|
|
|a text
|b txt
|2 rdacontent
|
| 337 |
|
|
|a unmediated
|b n
|2 rdamedia
|
| 338 |
|
|
|a volume
|b nc
|2 rdacarrier
|
| 500 |
|
|
|a Published also as a thesis (Ph.D.) Princeton University, 1916.
|
| 610 |
2 |
0 |
|a California Fruit Growers Exchange.
|
| 650 |
|
0 |
|a Fruit trade
|z California.
|
| 650 |
|
0 |
|a Fruit
|x Marketing.
|
| 650 |
|
0 |
|a Agriculture, Cooperative
|z California.
|
| 999 |
|
|
|a MARS
|
| 999 |
f |
f |
|s 5eb20f17-415a-3ff4-90c2-3ba3529bbfc5
|i ee2e9683-f06a-3003-a091-707b552908ab
|t 0
|
| 952 |
f |
f |
|p ric
|a Texas A&M University
|b Rellis Campus
|c Joint Library Facility
|d Remote Storage
|t 0
|e HD9246 .C8
|h Library of Congress classification
|i unmediated -- volume
|m A14801055411
|
| 998 |
f |
f |
|a HD9246 .C8
|t 0
|l Remote Storage
|